Ciencia y tecnología de la energía solar, hidráulica, eólica, geotérmica, biomasa y fusión nuclear (Registro nro. 22754)

Detalles MARC
000 -Cabecera
Campo de control interno 00503nam a2200181Ia 4500
005 - Fecha y hora del registro
control field 20260414150852.0
008 - Elementos de Longitud Fija
fixed length control field 260414t2020||||xx |||||||||||||| ||spa||
041 ## - Idioma
Codigo Idioma ESP
082 ## - DEWEY y NOTACIÓN INTERNA
Dewey 621.47
Notación Interna C34
100 ## - AUTOR
Autor denominación Castillo, Inma C.,
Término de relación autor
245 #0 - TÍTULO DE MATERIAL BIBLIOGRÁFICO
Título Ciencia y tecnología de la energía solar, hidráulica, eólica, geotérmica, biomasa y fusión nuclear
Título paralelo
260 ## - CIUDAD, EDITORIAL, AÑO
Año 2020
300 ## - DESCRIPCIÓN
N° Páginas 259 páginas :
Dimensiones 23 cm.
650 ## - TEMAS
Temas Tecnología (Ciencias Aplicadas)
654 ## - PROGRAMAS
Programa Dpto. de Ingeniería Industrial
942 ## - ELEMENTOS DE KOHA
Tipo de documento Libro
Nombre del creador Justo Noguera
Código de catalogador Justo Noguera
Esquema de clasificación Dewey Decimal Classification
Suppress in OPAC
Existencias
Codigo completo Registro Colección Copia número Disponibilidad Tipo de préstamo Biblioteca Actual Procedencia (Biblioteca) Ubicacón Fecha Ingreso Tipo de Adquisición Date last seen Total checkouts Price effective from Tipo de Item Estado del Material Damaged status Withdrawn status
621.47 C34 1073549 Universidad Católica San Pablo 1 Disponible Disponible Víctor Andrés Belaunde Víctor Andrés Belaunde Segundo piso 14/04/2026 Compra 14/04/2026   14/04/2026 Libro Bueno